[Event "Campeonato de España Universitario 2008"]
[Site "Madrid ESP"]
[Date "2008.05.10"]
[Round "7.47"]
[White "Fidalgo Fernandez, Lucia"]
[Black "Ares Campo, Iria"]
[Result "1-0"]
[WhiteElo "2093"]
[BlackElo "1987"]
[PlyCount "73"]
[EventDate "2008.05.08"]
[EventType "swiss"]
[EventRounds "9"]
[EventCountry "ESP"]
[Source "lmi"]
[SourceDate "2008.05.08"]

1. d4 d5 2. Nf3 Nf6 3. c4 c6 4. Nc3 g6 5. Bf4 Bg7 6. e3 O-O 7. h3 e6 8. cxd5
exd5 9. Be2 Nbd7 10. O-O Ne4 11. Bd3 f5 12. Bh2 Ndf6 13. Ne5 Be6 14. Qc2 Rc8
15. b4 Nxc3 16. Qxc3 Ne4 17. Bxe4 fxe4 18. Rab1 Qh4 19. Bg3 Qg5 20. Bf4 Qh5 21.
Qc5 Bxh3 22. gxh3 Qxh3 23. Qe7 Bf6 24. Qd7 Qh5 25. Qg4 Qxg4+ 26. Nxg4 Be7 27.
Ne5 Rf5 28. Rfc1 Bf6 29. Ng4 Bg7 30. Ne5 g5 31. Bh2 Rcf8 32. Rc2 R8f6 33. b5
Rh6 34. bxc6 Bxe5 35. Bxe5 bxc6 36. Rb7 Rg6 37. Rxa7 1-0

[Event "Campeonato de España Universitario 2008"]
[Site "Madrid ESP"]
[Date "2008.05.10"]
[Round "7.48"]
[White "Ceron Carrion, Cesar"]
[Black "Castejon Caballero, Natalia"]
[Result "1-0"]
[WhiteElo "1966"]
[BlackElo "2079"]
[PlyCount "73"]
[EventDate "2008.05.08"]
[EventType "swiss"]
[EventRounds "9"]
[EventCountry "ESP"]
[Source "lmi"]
[SourceDate "2008.05.08"]

1. e4 c5 2. Nf3 d6 3. d4 cxd4 4. Nxd4 Nf6 5. Nc3 g6 6. f3 Bg7 7. Be3 O-O 8. Qd2
Nc6 9. g4 Be6 10. h4 h5 11. Nxe6 fxe6 12. Bh6 Ne5 13. Be2 d5 14. Qg5 Nh7 15.
Qd2 hxg4 16. fxg4 d4 17. Nb5 d3 18. Bxg7 Kxg7 19. Qc3 dxe2 20. Qxe5+ Nf6 21.
Nc7 Qd6 22. Qxd6 exd6 23. Nxe6+ Kg8 24. Nxf8 Rxf8 25. Kxe2 Nxe4 26. Rh2 d5 27.
Rd1 Ng3+ 28. Kd3 Ne4 29. Re1 Nf2+ 30. Kd2 Nxg4 31. Rg2 Rf4 32. Re7 Rb4 33. b3
Kf8 34. c3 Rf4 35. Rxb7 Ne5 36. Rxa7 Nf3+ 37. Ke3 1-0

[Event "Campeonato de España Universitario 2008"]
[Site "Madrid ESP"]
[Date "2008.05.10"]
[Round "7.49"]
[White "Peiro Ibañez, Felipe"]
[Black "Paredes Mancha, Antonio"]
[Result "0-1"]
[WhiteElo "1930"]
[BlackElo "2076"]
[PlyCount "94"]
[EventDate "2008.05.08"]
[EventType "swiss"]
[EventRounds "9"]
[EventCountry "ESP"]
[Source "lmi"]
[SourceDate "2008.05.08"]

1. e4 e5 2. Nf3 Nc6 3. Bb5 a6 4. Ba4 Nf6 5. O-O Nxe4 6. Re1 Nc5 7. Bxc6 dxc6 8.
Nxe5 Be7 9. d4 Ne6 10. c3 O-O 11. Qf3 f6 12. Nd3 f5 13. Ne5 f4 14. Nd2 Ng5 15.
Qd3 Bf5 16. Qe2 Bd6 17. Ndf3 Ne6 18. Qc4 Kh8 19. Bd2 g5 20. h3 Qe7 21. Rad1
Rae8 22. Ng4 Qg7 23. Nfe5 h5 24. Nh2 g4 25. hxg4 hxg4 26. g3 f3 27. Bc1 Bxe5
28. Rxe5 Qh7 29. Rde1 Bd3 30. Qb3 Qh3 31. Rh5+ Qxh5 32. Rxe6 Rxe6 33. Qxe6 Re8
34. Qf6+ Kg8 35. Be3 Qh3 36. Qg5+ Kf7 37. Qf4+ Ke6 38. Qh6+ Qxh6 39. Bxh6 Kf5
40. Be3 Rh8 41. Bf4 Rh7 42. Be5 c5 43. a3 c4 44. Bf4 c6 45. Be3 b6 46. d5 cxd5
47. Bxb6 Rb7 0-1

[Event "Campeonato de España Universitario 2008"]
[Site "Madrid ESP"]
[Date "2008.05.10"]
[Round "7.50"]
[White "Fernandez Blazquez, Diego"]
[Black "Cobo Montejo, Miguel Angel"]
[Result "0-1"]
[WhiteElo "2068"]
[BlackElo "1918"]
[PlyCount "60"]
[EventDate "2008.05.08"]
[EventType "swiss"]
[EventRounds "9"]
[EventCountry "ESP"]
[Source "lmi"]
[SourceDate "2008.05.08"]

1. d4 d5 2. c4 e6 3. Nf3 Nf6 4. g3 Nbd7 5. Bg2 c6 6. Qc2 Be7 7. O-O Ne4 8. Nbd2
f5 9. Ne5 Nxe5 10. dxe5 O-O 11. Nxe4 fxe4 12. f3 Qb6+ 13. Kh1 exf3 14. exf3 Qd4
15. f4 Qxc4 16. Qxc4 dxc4 17. Be3 Bd7 18. a4 b6 19. Rfc1 Rac8 20. Rxc4 c5 21.
Rd1 Rfd8 22. Kg1 g6 23. Kf2 Kf7 24. b3 Be8 25. Rdc1 Rd3 26. R4c3 Rcd8 27. Ke2
c4 28. bxc4 Rxc3 29. Rxc3 Bxa4 30. c5 Bb5+ 0-1

[Event "Campeonato de España Universitario 2008"]
[Site "Madrid ESP"]
[Date "2008.05.10"]
[Round "7.51"]
[White "Gil Rodriguez, Isabel"]
[Black "Perez Candelario, Matias"]
[Result "0-1"]
[WhiteElo "1916"]
[BlackElo "2055"]
[PlyCount "68"]
[EventDate "2008.05.08"]
[EventType "swiss"]
[EventRounds "9"]
[EventCountry "ESP"]
[Source "lmi"]
[SourceDate "2008.05.08"]

1. c4 g6 2. g3 Bg7 3. Bg2 e5 4. d3 c6 5. Nc3 Ne7 6. e3 d5 7. b3 O-O 8. Nge2 Bg4
9. Ba3 Re8 10. Rc1 d4 11. exd4 exd4 12. Ne4 Qa5+ 13. Qd2 Qxa3 14. O-O Na6 15.
Nf4 Qb4 16. Qb2 Nc5 17. a3 Qxb3 18. Qxb3 Nxb3 19. Rb1 Na5 20. Nd6 Reb8 21. Rfe1
Kf8 22. h3 Bd7 23. g4 b6 24. Ne2 Rd8 25. Ne4 h6 26. N2g3 Be6 27. f4 Rac8 28.
Bf3 Nb7 29. a4 f5 30. Nf2 Nc5 31. Ra1 Bd7 32. Kh2 Re8 33. gxf5 Nxf5 34. Nxf5
Bxf5 0-1

[Event "Campeonato de España Universitario 2008"]
[Site "Madrid ESP"]
[Date "2008.05.10"]
[Round "7.55"]
[White "Gonzalez Berruga, Ana Isabel"]
[Black "Mestres Cochs, Joan"]
[Result "1/2-1/2"]
[WhiteElo "1986"]
[BlackElo "2070"]
[PlyCount "50"]
[EventDate "2008.05.08"]
[EventType "swiss"]
[EventRounds "9"]
[EventCountry "ESP"]
[Source "lmi"]
[SourceDate "2008.05.08"]

1. d4 Nf6 2. c4 e5 3. e3 exd4 4. exd4 Bb4+ 5. Bd2 Bxd2+ 6. Nxd2 d5 7. Ngf3 O-O
8. Be2 c6 9. O-O Bf5 10. c5 Nbd7 11. Nh4 Bg6 12. f4 Ne4 13. Nxg6 hxg6 14. Nxe4
dxe4 15. Qc2 Nf6 16. Rad1 Qe7 17. Bc4 Rad8 18. f5 Nd5 19. fxg6 fxg6 20. Bxd5+
cxd5 21. b4 Rf6 22. Qb3 a6 23. Rde1 Qe6 24. h3 Rdf8 25. Qe3 Rf5 1/2-1/2

[Event "Campeonato de España Universitario 2008"]
[Site "Madrid ESP"]
[Date "2008.05.10"]
[Round "7.56"]
[White "Ramos Del Campo, Alexander"]
[Black "Lopez Reboso, Hector"]
[Result "1-0"]
[WhiteElo "1961"]
[BlackElo "2048"]
[PlyCount "78"]
[EventDate "2008.05.08"]
[EventType "swiss"]
[EventRounds "9"]
[EventCountry "ESP"]
[Source "lmi"]
[SourceDate "2008.05.08"]

1. e4 e5 2. Nf3 Nf6 3. Nc3 Nc6 4. Bc4 Bc5 5. d3 h6 6. O-O d6 7. h3 O-O 8. Be3
Be6 9. Bb3 Nd4 10. Bxd4 Bxd4 11. Nxd4 exd4 12. Nb5 c5 13. f4 a6 14. Nxd6 Qxd6
15. e5 Qe7 16. exf6 Qxf6 17. Qh5 Bxb3 18. axb3 Rfe8 19. Qf3 Re7 20. Qd5 Rc8 21.
Rae1 b5 22. Re5 Rec7 23. g4 Qc6 24. Rfe1 Qxd5 25. Rxd5 Kf8 26. Kf2 Rc6 27. Kf3
g6 28. h4 R6c7 29. Ree5 Rc6 30. Rd7 Re8 31. Ke4 c4 32. bxc4 bxc4 33. Rxe8+ Kxe8
34. Rxd4 cxd3 35. Kxd3 Ke7 36. c4 Ke6 37. b4 f5 38. g5 hxg5 39. hxg5 Rc8 1-0

[Event "Campeonato de España Universitario 2008"]
[Site "Madrid ESP"]
[Date "2008.05.10"]
[Round "7.57"]
[White "Torrenta Planas, Marcel"]
[Black "Marco Francisco, Miriam"]
[Result "1-0"]
[WhiteElo "2046"]
[BlackElo "1920"]
[PlyCount "54"]
[EventDate "2008.05.08"]
[EventType "swiss"]
[EventRounds "9"]
[EventCountry "ESP"]
[Source "lmi"]
[SourceDate "2008.05.08"]

1. d4 d5 2. c4 Nc6 3. Nf3 Bg4 4. e3 e6 5. Be2 Nf6 6. O-O dxc4 7. Bxc4 Be7 8.
Nbd2 O-O 9. Be2 Qd7 10. b3 Nd5 11. Bb2 Bb4 12. Rc1 Bxd2 13. Qxd2 a6 14. Rc5 Nf6
15. Rxc6 Bxf3 16. Rc2 Be4 17. Bd3 Bxd3 18. Qxd3 e5 19. Qc4 exd4 20. Bxd4 Nd5
21. Rd1 c6 22. Rcd2 Qg4 23. h3 Qg6 24. Bc5 Rfe8 25. Rd4 h5 26. Ba3 Re5 27. Bb2
Rae8 1-0

[Event "Campeonato de España Universitario 2008"]
[Site "Madrid ESP"]
[Date "2008.05.10"]
[Round "7.58"]
[White "Baiges Navarro, Albert"]
[Black "Sanchez Jimenez, David"]
[Result "1-0"]
[WhiteElo "2044"]
[BlackElo "1916"]
[PlyCount "55"]
[EventDate "2008.05.08"]
[EventType "swiss"]
[EventRounds "9"]
[EventCountry "ESP"]
[Source "lmi"]
[SourceDate "2008.05.08"]

1. e4 e5 2. Nf3 Nc6 3. Bb5 a6 4. Ba4 Nf6 5. d3 b5 6. Bb3 Bc5 7. O-O O-O 8. c3
d6 9. h3 Bb6 10. Bg5 Be6 11. Bc2 h6 12. Bh4 g5 13. Bg3 Nh5 14. Bh2 Nf4 15. Bxf4
gxf4 16. d4 Bc4 17. Re1 Qf6 18. d5 Qg6 19. Nh4 Qg3 20. Nf5 Qxf2+ 21. Kh2 Ne7
22. Nxe7+ Kh7 23. Nd2 Rg8 24. Nxg8 Rxg8 25. Rg1 Rg3 26. Qe1 f3 27. Qxf2 Bxf2
28. gxf3 1-0

[Event "Campeonato de España Universitario 2008"]
[Site "Madrid ESP"]
[Date "2008.05.10"]
[Round "7.61"]
[White "Perez Garcia, Jose Miguel"]
[Black "Codina Tormo, Julia"]
[Result "1/2-1/2"]
[WhiteElo "1957"]
[BlackElo "2029"]
[PlyCount "22"]
[EventDate "2008.05.08"]
[EventType "swiss"]
[EventRounds "9"]
[EventCountry "ESP"]
[Source "lmi"]
[SourceDate "2008.05.08"]

1. d4 Nf6 2. Nf3 g6 3. c4 c5 4. Nc3 cxd4 5. Nxd4 Nc6 6. e4 d6 7. Be2 Nxd4 8.
Qxd4 Bg7 9. Bg5 O-O 10. Qd2 Be6 11. Rc1 Rc8 1/2-1/2

[Event "Campeonato de España Universitario 2008"]
[Site "Madrid ESP"]
[Date "2008.05.10"]
[Round "7.64"]
[White "Zamarbide Iñarrea, Borja"]
[Black "Urbano Romero, Jonas"]
[Result "1-0"]
[WhiteElo "2202"]
[BlackElo "1822"]
[PlyCount "97"]
[EventDate "2008.05.08"]
[EventType "swiss"]
[EventRounds "9"]
[EventCountry "ESP"]
[Source "lmi"]
[SourceDate "2008.05.08"]

1. e4 c5 2. Nc3 Nc6 3. Bb5 Nf6 4. Bxc6 bxc6 5. d3 Ba6 6. f4 d6 7. b3 Qd7 8. Nf3
g6 9. O-O Bg7 10. Rb1 Ng4 11. Qe1 Rb8 12. Na4 O-O 13. h3 Nf6 14. Qh4 Bb5 15.
Nb2 h6 16. c4 Ba6 17. Kh1 Rfe8 18. e5 Nh7 19. Be3 Bc8 20. Rbe1 a5 21. Bc1 e6
22. Bd2 d5 23. Na4 Bf8 24. Bxa5 Qe7 25. Qf2 Qa7 26. Bd2 Be7 27. Be3 d4 28. Bc1
Kg7 29. Re2 Qa5 30. Qe1 Qc7 31. Ba3 Qa7 32. Nd2 Nf8 33. Ne4 Nd7 34. g4 Kh7 35.
Ng3 Bh4 36. Qf2 Rg8 37. Qf3 Ba6 38. Ne4 Be7 39. Nd6 Rgf8 40. Kg1 Bb7 41. Ne4
Rbd8 42. Bc1 Bc8 43. Qg3 Kg7 44. f5 exf5 45. gxf5 Kh7 46. f6 Bxf6 47. exf6 Rde8
48. Bxh6 Rh8 49. Bg7 1-0

[Event "Campeonato de España Universitario 2008"]
[Site "Madrid ESP"]
[Date "2008.05.10"]
[Round "8.2"]
[White "Rodriguez Guerrero, Enrique"]
[Black "Martinez Martin, David"]
[Result "1/2-1/2"]
[WhiteElo "2457"]
[BlackElo "2424"]
[PlyCount "94"]
[EventDate "2008.05.08"]
[EventType "swiss"]
[EventRounds "9"]
[EventCountry "ESP"]
[Source "lmi"]
[SourceDate "2008.05.08"]

1. e4 c5 2. Nf3 d6 3. d4 cxd4 4. Nxd4 e6 5. Nc3 a6 6. Be2 b5 7. Bf3 b4 8. Nce2
Bb7 9. O-O Nd7 10. c3 Ne5 11. cxb4 Nxf3+ 12. gxf3 Nf6 13. Bg5 Be7 14. Rc1 Qd7
15. Nc3 O-O 16. Qa4 Qxa4 17. Nxa4 Rac8 18. Nb6 Rxc1 19. Rxc1 Bd8 20. Nc4 Be7
21. Na5 Ba8 22. Nac6 Bd8 23. Nxd8 Rxd8 24. Nc6 Re8 25. Be3 Nd7 26. Bf4 e5 27.
Be3 Kf8 28. a4 Rc8 29. b5 axb5 30. axb5 Ke8 31. b4 f5 32. exf5 d5 33. f4 e4 34.
Rd1 Nf6 35. Bd4 Bxc6 36. bxc6 Rxc6 37. Bxf6 gxf6 38. Rxd5 Rc4 39. Rb5 Rc1+ 40.
Kg2 Rc2 41. Kf1 Rb2 42. Rb6 Kf7 43. Rb7+ Kg8 44. h4 h5 45. b5 Kf8 46. b6 Kg8
47. Ke1 Kf8 1/2-1/2

[Event "Campeonato de España Universitario 2008"]
[Site "Madrid ESP"]
[Date "2008.05.10"]
[Round "8.3"]
[White "Almagro Llamas, Pablo"]
[Black "Llaneza Vega, Marcos"]
[Result "0-1"]
[WhiteElo "2472"]
[BlackElo "2425"]
[PlyCount "58"]
[EventDate "2008.05.08"]
[EventType "swiss"]
[EventRounds "9"]
[EventCountry "ESP"]
[Source "lmi"]
[SourceDate "2008.05.08"]

1. e4 c5 2. Nf3 Nc6 3. Bb5 Nf6 4. Bxc6 dxc6 5. d3 Bg4 6. h3 Bh5 7. g4 Bg6 8.
Nc3 Qc7 9. Be3 e5 10. Qe2 c4 11. d4 Bb4 12. Nxe5 Nxe4 13. Qxc4 Bxc3+ 14. bxc3
O-O 15. O-O Rfe8 16. Bf4 Qe7 17. Rae1 Qf6 18. Bg3 Nd2 19. Qe2 Nxf1 20. Rxf1 Qe7
21. Qc4 Be4 22. Qb3 Qe6 23. Re1 Bd5 24. Qxb7 f6 25. c4 Bxc4 26. Nd3 Qf7 27.
Rxe8+ Rxe8 28. Qxc6 Bd5 29. Qc5 Qe6 0-1

[Event "Campeonato de España Universitario 2008"]
[Site "Madrid ESP"]
[Date "2008.05.10"]
[Round "8.4"]
[White "Pena Gomez, Manuel"]
[Black "Gonzalez Somoza, Oliver"]
[Result "1/2-1/2"]
[WhiteElo "2312"]
[BlackElo "2333"]
[PlyCount "113"]
[EventDate "2008.05.08"]
[EventType "swiss"]
[EventRounds "9"]
[EventCountry "ESP"]
[Source "lmi"]
[SourceDate "2008.05.08"]

1. c4 Nf6 2. Nc3 g6 3. g3 d5 4. cxd5 Nxd5 5. Bg2 Nxc3 6. bxc3 Bg7 7. Nf3 O-O 8.
O-O c6 9. d4 Nd7 10. e4 Qc7 11. Bg5 f6 12. Be3 Nb6 13. Qb3+ Kh8 14. a4 Bg4 15.
Rab1 Rab8 16. Qb4 e5 17. d5 cxd5 18. exd5 Bxf3 19. Bxf3 Nc4 20. d6 Nxd6 21. Bc5
Nc4 22. Rfd1 b6 23. Bxf8 Bxf8 24. Qb3 Bc5 25. Rd5 Nd6 26. Rbd1 Re8 27. Qc2 e4
28. Bg2 e3 29. fxe3 Rxe3 30. Kh1 Qe7 31. Rf1 Ne4 32. Bxe4 Rxe4 33. Rd8+ Kg7 34.
Rd7 Qxd7 35. Qxe4 f5 36. Qe5+ Kf7 37. Qf4 Qc6+ 38. Qf3 Qxa4 39. g4 f4 40. Qd5+
Kg7 41. Qe5+ Kg8 42. Qxf4 Qc6+ 43. Qf3 Qxf3+ 44. Rxf3 a5 45. Kg2 a4 46. Kf1 a3
47. Ke2 Bd6 48. h3 b5 49. Kd3 b4 50. Kc2 Be5 51. Kb3 Bxc3 52. Rd3 h5 53. gxh5
gxh5 54. Rd7 h4 55. Rc7 Kf8 56. Rb7 Ke8 57. Ra7 1/2-1/2

[Event "Campeonato de España Universitario 2008"]
[Site "Madrid ESP"]
[Date "2008.05.10"]
[Round "8.5"]
[White "Andres Gonzalez, Ivan"]
[Black "Montero Melendez, Rafael"]
[Result "1/2-1/2"]
[WhiteElo "2324"]
[BlackElo "2295"]
[PlyCount "43"]
[EventDate "2008.05.08"]
[EventType "swiss"]
[EventRounds "9"]
[EventCountry "ESP"]
[Source "lmi"]
[SourceDate "2008.05.08"]

1. e4 d6 2. d4 Nf6 3. Nc3 g6 4. f4 Bg7 5. Nf3 c5 6. Bb5+ Bd7 7. Bxd7+ Nfxd7 8.
Be3 cxd4 9. Bxd4 Bxd4 10. Qxd4 O-O 11. O-O Nc6 12. Qf2 Qb6 13. Nd5 Qxf2+ 14.
Rxf2 e6 15. Nc3 Nb6 16. Rd1 Rfd8 17. Nb5 d5 18. e5 Rab8 19. Nfd4 Nxd4 20. Rxd4
a6 21. Nd6 Nc8 22. Nxc8 1/2-1/2

[Event "Campeonato de España Universitario 2008"]
[Site "Madrid ESP"]
[Date "2008.05.10"]
[Round "8.6"]
[White "Camacho Collados, Jose"]
[Black "Massanet Massanet, Sebastian"]
[Result "1-0"]
[WhiteElo "2258"]
[BlackElo "2278"]
[PlyCount "75"]
[EventDate "2008.05.08"]
[EventType "swiss"]
[EventRounds "9"]
[EventCountry "ESP"]
[Source "lmi"]
[SourceDate "2008.05.08"]

1. Nf3 Nf6 2. g3 g6 3. Bg2 Bg7 4. d4 O-O 5. c4 c6 6. O-O d5 7. cxd5 cxd5 8. Nc3
Nc6 9. Ne5 e6 10. Bf4 Nd7 11. Nxc6 bxc6 12. Rc1 e5 13. dxe5 Nxe5 14. Qa4 Qb6
15. b3 Rd8 16. Bg5 f6 17. Bd2 Qa6 18. Rfe1 Bf8 19. Qf4 Kf7 20. Na4 Bf5 21. Bb4
Bxb4 22. Qxb4 Rab8 23. Qd4 Rbc8 24. Rc3 Kg7 25. Bf1 Qb7 26. Rec1 Rd6 27. Bg2
Rcd8 28. Nc5 Qf7 29. h3 h5 30. f4 Nd7 31. Nb7 c5 32. Nxd6 cxd4 33. Nxf7 Rf8 34.
Rc7 Rxf7 35. Rxa7 Re7 36. Kf2 d3 37. exd3 Bxd3 38. Re1 1-0

[Event "Campeonato de España Universitario 2008"]
[Site "Madrid ESP"]
[Date "2008.05.10"]
[Round "8.7"]
[White "Perez Candelario, Manuel"]
[Black "Eyo Castro-rial, Alberto"]
[Result "1-0"]
[WhiteElo "2537"]
[BlackElo "2189"]
[PlyCount "103"]
[EventDate "2008.05.08"]
[EventType "swiss"]
[EventRounds "9"]
[EventCountry "ESP"]
[Source "lmi"]
[SourceDate "2008.05.08"]

1. e4 e6 2. d4 d5 3. Nd2 Be7 4. c3 c5 5. exd5 exd5 6. dxc5 Nf6 7. Nb3 O-O 8.
Nf3 Bg4 9. Be2 Nbd7 10. Be3 a5 11. a4 Rc8 12. h3 Bh5 13. Nfd4 Bg6 14. Nb5 Nxc5
15. Nxc5 Bxc5 16. Bxc5 Rxc5 17. O-O Re8 18. Re1 Rc6 19. Nd4 Rb6 20. Bb5 Re4 21.
f3 Re7 22. Qd2 Nd7 23. Rxe7 Qxe7 24. Re1 Qd8 25. Qf4 Rf6 26. Qg5 Nf8 27. Re5 h6
28. Rxd5 Qb6 29. Qe3 Ne6 30. Nf5 Qc7 31. Rd7 Qc5 32. Ne7+ Kh7 33. Qxc5 Nxc5 34.
Rc7 b6 35. b4 Ne6 36. Rc6 axb4 37. cxb4 Nd4 38. Rxf6 gxf6 39. Bd7 Bd3 40. Nd5
Nc2 41. Nf4 Bg6 42. a5 Nxb4 43. axb6 Na6 44. Bb5 Nb8 45. Kf2 Kg7 46. Ke3 Kf8
47. Nd5 Bf5 48. Kd4 Bd7 49. Bxd7 Nxd7 50. b7 Nb8 51. Kc5 Ke8 52. Kd6 1-0

[Event "Campeonato de España Universitario 2008"]
[Site "Madrid ESP"]
[Date "2008.05.10"]
[Round "8.8"]
[White "Gavilan Diaz, Mario"]
[Black "Gonzalez Merino, Alberto"]
[Result "0-1"]
[WhiteElo "2300"]
[BlackElo "2174"]
[PlyCount "56"]
[EventDate "2008.05.08"]
[EventType "swiss"]
[EventRounds "9"]
[EventCountry "ESP"]
[Source "lmi"]
[SourceDate "2008.05.08"]

1. e4 e6 2. d4 d5 3. Nc3 Bb4 4. Nge2 dxe4 5. a3 Be7 6. Nxe4 Nf6 7. N2g3 Nbd7 8.
Bd3 Nxe4 9. Nxe4 Nf6 10. O-O O-O 11. c3 Bd7 12. Bf4 Bc6 13. Qc2 Nxe4 14. Bxe4
Bxe4 15. Qxe4 c6 16. Rad1 Qb6 17. Rd2 Rfd8 18. Be5 Rd7 19. Qg4 Bf8 20. f4 c5
21. f5 exf5 22. Rxf5 Rad8 23. Bf6 Re8 24. Bxg7 Bxg7 25. Rg5 f5 26. Qxf5 Rf7 27.
Qb1 Qh6 28. h4 Qxh4 0-1

[Event "Campeonato de España Universitario 2008"]
[Site "Madrid ESP"]
[Date "2008.05.10"]
[Round "8.9"]
[White "Burguete Archel, Eduardo"]
[Black "Piay Augusto, Diego"]
[Result "0-1"]
[WhiteElo "2179"]
[BlackElo "2281"]
[PlyCount "82"]
[EventDate "2008.05.08"]
[EventType "swiss"]
[EventRounds "9"]
[EventCountry "ESP"]
[Source "lmi"]
[SourceDate "2008.05.08"]

1. e4 d5 2. exd5 Nf6 3. d4 Nxd5 4. Nf3 g6 5. Be2 Bg7 6. O-O O-O 7. c4 Nb6 8.
Nc3 Nc6 9. Be3 Bg4 10. d5 Bxf3 11. Bxf3 Ne5 12. c5 Nbc4 13. Be2 Nxe3 14. fxe3
c6 15. e4 Qa5 16. Na4 Rad8 17. Qb3 cxd5 18. exd5 Qd2 19. Rf2 Qxd5 20. Qc2 Qc6
21. Rff1 Rd4 22. b3 Rfd8 23. Rad1 Rxd1 24. Rxd1 Rxd1+ 25. Qxd1 Qe4 26. Qd8+ Bf8
27. Qd2 Bh6 28. Qd8+ Kg7 29. Qd1 Be3+ 30. Kh1 Bd4 31. h3 a5 32. a3 Qf4 33. b4
axb4 34. axb4 Nc6 35. Bf3 Be5 36. Kg1 Qxb4 37. Be2 Qf4 38. Bf3 Nd4 39. Bxb7
Qe3+ 40. Kh1 Ne2 41. Bc6 Qg3 0-1

[Event "Campeonato de España Universitario 2008"]
[Site "Madrid ESP"]
[Date "2008.05.10"]
[Round "8.10"]
[White "Lopez Rodriguez, Walter"]
[Black "Fidalgo Fernandez, Javier"]
[Result "1/2-1/2"]
[WhiteElo "2167"]
[BlackElo "2280"]
[PlyCount "40"]
[EventDate "2008.05.08"]
[EventType "swiss"]
[EventRounds "9"]
[EventCountry "ESP"]
[Source "lmi"]
[SourceDate "2008.05.08"]

1. Nf3 d5 2. g3 Nf6 3. Bg2 e6 4. O-O Be7 5. d4 O-O 6. Nbd2 c5 7. dxc5 Bxc5 8.
c4 Nc6 9. cxd5 Nxd5 10. a3 Nd4 11. Ne5 Qc7 12. Ndf3 Nxf3+ 13. Nxf3 Rd8 14. Bg5
f6 15. Bd2 e5 16. Rc1 Qe7 17. Qc2 Bb6 18. e4 Nc7 19. Bb4 Qf7 20. Rfd1 Be6
1/2-1/2

[Event "Campeonato de España Universitario 2008"]
[Site "Madrid ESP"]
[Date "2008.05.10"]
[Round "8.12"]
[White "Plasencia Martinez, Victor"]
[Black "Martinez Martin, Iñigo"]
[Result "1/2-1/2"]
[WhiteElo "2088"]
[BlackElo "2228"]
[PlyCount "34"]
[EventDate "2008.05.08"]
[EventType "swiss"]
[EventRounds "9"]
[EventCountry "ESP"]
[Source "lmi"]
[SourceDate "2008.05.08"]

1. e4 e5 2. Nf3 Nf6 3. Nxe5 d6 4. Nf3 Nxe4 5. Nc3 Nxc3 6. dxc3 Nc6 7. Bf4 Be7
8. Qd2 Be6 9. O-O-O Qd7 10. Kb1 a6 11. Nd4 Nxd4 12. cxd4 d5 13. Bd3 O-O-O 14.
Rhe1 Bd6 15. Be5 Bxe5 16. Rxe5 f6 17. Re3 Rde8 1/2-1/2

[Event "Campeonato de España Universitario 2008"]
[Site "Madrid ESP"]
[Date "2008.05.10"]
[Round "8.13"]
[White "Mayans Calvo, Mariano"]
[Black "Garcia Brion, Eduardo"]
[Result "0-1"]
[WhiteElo "2223"]
[BlackElo "2158"]
[PlyCount "74"]
[EventDate "2008.05.08"]
[EventType "swiss"]
[EventRounds "9"]
[EventCountry "ESP"]
[Source "lmi"]
[SourceDate "2008.05.08"]

1. c4 e5 2. Nc3 Nc6 3. Nf3 g6 4. h4 h6 5. h5 g5 6. d4 exd4 7. Nxd4 Bg7 8. Nc2
d6 9. e4 Bxc3+ 10. bxc3 Qe7 11. Bd3 f5 12. O-O f4 13. e5 Nxe5 14. Re1 Be6 15.
Bg6+ Bf7 16. Bf5 Nf6 17. Nb4 Bxc4 18. Nd3 Bxd3 19. Bxd3 O-O 20. Bc2 Qe8 21. Rb1
b6 22. c4 Qxh5 23. f3 Rae8 24. Bb2 Re7 25. c5 bxc5 26. Bxe5 dxe5 27. Rb5 g4 28.
fxg4 Nxg4 29. Qd5+ Kg7 30. Qxc5 Qh2+ 31. Kf1 Qh1+ 32. Ke2 Qxg2+ 33. Kd3 Rd7+
34. Kc3 Qd2+ 35. Kb3 Qxe1 36. Qc6 Qe3+ 37. Ka4 Rd4+ 0-1

[Event "Campeonato de España Universitario 2008"]
[Site "Madrid ESP"]
[Date "2008.05.10"]
[Round "8.14"]
[White "Lara Lopez, Jose"]
[Black "Sanchez Saez, Francisco"]
[Result "0-1"]
[WhiteElo "2178"]
[BlackElo "2219"]
[PlyCount "74"]
[EventDate "2008.05.08"]
[EventType "swiss"]
[EventRounds "9"]
[EventCountry "ESP"]
[Source "lmi"]
[SourceDate "2008.05.08"]

1. Nf3 Nf6 2. c4 g6 3. b4 Bg7 4. Bb2 O-O 5. e3 d6 6. d3 e5 7. Nbd2 Nc6 8. b5
Ne7 9. Qc2 Nd7 10. d4 c6 11. a4 f5 12. dxe5 dxe5 13. c5 Nd5 14. Bc4 e4 15. Nd4
Ne5 16. O-O Kh8 17. Rfd1 Nb4 18. Qc3 Nbd3 19. Bxd3 Nxd3 20. Nc4 Qh4 21. Rxd3
exd3 22. Nxf5 Qxf2+ 23. Kxf2 Rxf5+ 24. Kg3 Bxc3 25. Bxc3+ Kg8 26. Bd4 Be6 27.
Nd6 Rg5+ 28. Kf2 Rf8+ 29. Kg1 Bh3 30. g3 d2 31. Ne4 Rgf5 32. Nxd2 Rf2 33. Bc3
Rg2+ 34. Kh1 Rff2 35. Nf1 Bg4 36. Nd2 Rxh2+ 37. Kg1 Be2 0-1

[Event "Campeonato de España Universitario 2008"]
[Site "Madrid ESP"]
[Date "2008.05.10"]
[Round "8.15"]
[White "Cuenca Jimenez, Francisco Javier"]
[Black "Serna Lara, Sergio"]
[Result "0-1"]
[WhiteElo "2130"]
[BlackElo "2248"]
[PlyCount "50"]
[EventDate "2008.05.08"]
[EventType "swiss"]
[EventRounds "9"]
[EventCountry "ESP"]
[Source "lmi"]
[SourceDate "2008.05.08"]

1. c4 e5 2. g3 Nf6 3. Bg2 c6 4. b3 d5 5. Bb2 Bd6 6. d3 O-O 7. Nd2 Re8 8. Qc2
Bf5 9. e4 dxe4 10. dxe4 Bg6 11. c5 Bf8 12. b4 a5 13. a3 axb4 14. axb4 Rxa1+ 15.
Bxa1 Na6 16. Bc3 b6 17. Bf1 Nc7 18. cxb6 Ne6 19. Ngf3 Nd4 20. Qd3 Nxf3+ 21.
Qxf3 Qxb6 22. Nc4 Qb8 23. Bd3 Bxb4 24. Kd2 Rd8 25. Kc2 Rxd3 0-1

[Event "Campeonato de España Universitario 2008"]
[Site "Madrid ESP"]
[Date "2008.05.10"]
[Round "8.16"]
[White "Alarcia Astiz, Carlos"]
[Black "Rabadan Velasco, Raul"]
[Result "0-1"]
[WhiteElo "2191"]
[BlackElo "2309"]
[PlyCount "112"]
[EventDate "2008.05.08"]
[EventType "swiss"]
[EventRounds "9"]
[EventCountry "ESP"]
[Source "lmi"]
[SourceDate "2008.05.08"]

1. e4 c5 2. Nf3 d6 3. d4 cxd4 4. Nxd4 Nf6 5. Nc3 a6 6. f4 e6 7. Bd3 Qc7 8. Nf3
Nbd7 9. O-O b5 10. a3 Bb7 11. Qe1 e5 12. fxe5 dxe5 13. Kh1 Be7 14. Nh4 g6 15.
Bg5 O-O 16. Rd1 Qb6 17. Bh6 Rfe8 18. Qe2 Bf8 19. Bxf8 Rxf8 20. Qf3 Rad8 21. Rd2
Ne8 22. Qg3 Ng7 23. Nf3 Nh5 24. Qh4 Qf6 25. Ng5 Qe7 26. g4 h6 27. gxh5 Qxg5 28.
Qxg5 hxg5 29. hxg6 f6 30. Nd5 Bxd5 31. exd5 Nb6 32. Be4 Nc4 33. Rdf2 Kg7 34. c3
Nd6 35. Bd3 e4 36. Be2 f5 37. Rg2 Kxg6 38. Rfg1 g4 39. h3 Rh8 40. Rg3 Kf6 41.
a4 Rxh3+ 42. Rxh3 gxh3 43. axb5 axb5 44. b3 Rc8 45. Rc1 Ke5 46. c4 bxc4 47.
bxc4 Kd4 48. Kh2 f4 49. Kxh3 f3 50. Bxf3 exf3 51. Kg3 Rf8 52. Rf1 Ne4+ 53. Kh3
Kxc4 54. d6 Kd3 55. d7 Ke2 56. Ra1 f2 0-1